Desarrollo psicológico del niño: conceptos evolutivos y clínicos

Kaydedildi:
Detaylı Bibliyografya
Yazar: Lewis, Melvin (Yazar)
Materyal Türü: Kitap
Dil:İspanyolca
Baskı/Yayın Bilgisi: Ciudad de México Interamericana 1984
Konular:
Etiketler: Etiketle
Etiket eklenmemiş, İlk siz ekleyin!

MARC

LEADER 00000nam a2200000 a 4500
001 UCW3962
003 CL-VaPUC
008 890616e19840000MX |||||||||||||||||spa|d
082 0 4 |a 155.4  |b LEW  |2 21 
100 0 |a Lewis, Melvin  |e author  |9 308417 
245 1 0 |a Desarrollo psicológico del niño: conceptos evolutivos y clínicos 
300 |a 429 p 
942 |c BK 
945 |d 19890616 00:00:00 
260 |a Ciudad de México  |b Interamericana  |c 1984 
650 0 |a Psicología del niño  |9 307305 
650 0 |a Psicología evolutiva   |9 271069 
650 0 |a Desarrollo infantil  |9 308064 
650 7 |a CRECIMIENTO  |2 CL-VaPUC  |9 308418 
583 |a last modification  |c 20130106 10:39:32  |k Rodrigo Vera 
999 |c 217808  |d 217806 
952 |0 0  |1 0  |4 0  |6 155_400000000000000_LEW_1984  |7 0  |8 P  |9 206325  |a BIBEDU  |b BIBEDU  |c BIBEDU_PB  |d 2019-11-15  |i 2741083  |o 155.4 LEW 1984  |p 2741083  |r 2024-01-25  |w 2019-11-15  |y BK  |k EDU